000 00886cam a2200265 a 4500
999 _c4123
_d4123
003 OSt
005 20220318073439.0
008 850314s1983 maua b 001 0 eng
020 _a0316004707
040 _cDLC
050 1 0 _aRG571
_b.M38 1983
245 0 0 _aMedical care of the pregnant patient /
_cedited by Richard S. Abrams, Paul Wexler ; forewords by Robert W. Schrier, E. Stewart Taylor.
250 _a1st ed.
260 _aBoston :
_bLittle, Brown,
_cc1983.
300 _axxii, 402 p. :
_bill. ;
_c26 cm.
504 _aIncludes bibliographical references and index.
650 0 _aPregnancy
_xComplications.
650 0 _aFetus
_xEffect of drugs on.
650 0 _aPregnancy
_xNutritional aspects.
650 0 _aPrenatal care.
700 1 _aAbrams, Richard,
_d1946-
700 1 _aWexler, Paul,
_d1939-
906 _a7
_bcbc
_corignew
_d3
_eopcn
_f19
_gy-gencatlg
942 _2ddc
_cBK